| 000 | 00608nam a2200205 a 4500 | ||
|---|---|---|---|
| 005 | 20220622063446.0 | ||
| 008 | 991125s2005 ag 000 0 spa u | ||
| 020 | _a9500726726 | ||
| 035 | _aUPN01000028617 | ||
| 049 | _aCG | ||
| 050 | 4 |
_aPR6053 H2.6 _bC6.6 |
|
| 100 | 1 |
_aChambers, Aidan, _d1934- _931288 |
|
| 245 | 1 | 0 |
_aContratiempos / _cAidan Chambers ; tr. Laura Canteros. |
| 260 |
_aBuenos Aires : _bSudamericana, _cc2005. |
||
| 300 |
_a185 p. : _bil. |
||
| 440 | 0 |
_aSudamericana joven. _pNovela |
|
| 534 |
_pTraducción de: _tBreaktime |
||
| 650 | 0 |
_aLiteratura juvenil inglesa _912778 |
|
| 905 | _aLibro | ||
| 999 |
_c28617 _d28617 |
||